Central Library OPAC University of Rajshahi

International law / (Record no. 59889)

MARC details
000 -LEADER
fixed length control field 00697nam a2200229 a 4500
001 - CONTROL NUMBER
control field 59889
003 - CONTROL NUMBER IDENTIFIER
rucl marc code BD-RjUL
005 - DATE AND TIME OF LATEST TRANSACTION
control field 20211209080758.0
008 - FIXED-LENGTH DATA ELEMENTS--GENERAL INFORMATION
fixed length control field 161227r19721970enk 001 0 eng d
035 ## - SYSTEM CONTROL NUMBER
System control number (BD-RjUL)60013
040 ## - CATALOGING SOURCE
Original cataloging agency BD-RjUL
Language of cataloging eng
Transcribing agency BD-RjUL
041 ## - LANGUAGE CODE
Language code of text/sound track or separate title eng
082 ## - DEWEY DECIMAL CLASSIFICATION NUMBER
Edition number 23
Classification number 341
Author mark and year GRI 1972
100 ## - MAIN ENTRY--PERSONAL NAME
Personal name Greig , D. W.
9 (RLIN) 178186
245 10 - TITLE STATEMENT
Title International law /
Statement of responsibility, etc. By D.W. Greig
260 ## - PUBLICATION, DISTRIBUTION, ETC. (IMPRINT)
Place of publication, distribution, etc. London :
Name of publisher, distributor, etc. Butterworths & Co. (Publishers) Ltd. ,
Date of publication, distribution, etc. 1970, [Second Reprint 1972].
300 ## - PHYSICAL DESCRIPTION
Pagination xx, 726 p. ;
Size 26 cm.
500 ## - GENERAL NOTE
General note 1st-3rd eds. by J.-G. Castel
504 ## - BIBLIOGRAPHY, ETC. NOTE
Bibliography, etc Includes bibliographical reference and index.
650 #0 - SUBJECT ADDED ENTRY--TOPICAL TERM
Topical term or geographic name as entry element International law
9 (RLIN) 173305
942 ## - ADDED ENTRY ELEMENTS (KOHA)
Source of classification or shelving scheme Dewey Decimal Classification
Koha item type Books
Holdings
Lost status Source of classification or shelving scheme Damaged status Not for loan Collection code Permanent Location Current Location Shelving location Date acquired Source of acquisition Cost, normal purchase price Total Checkouts Full call number Date last seen Copy number Koha item type
  Dewey Decimal Classification   Not For Loan Non-fiction Central Library, University of Rajshahi Central Library, University of Rajshahi Reading Room 07/12/1974 Jonathan Wren & Co. London 3.90   341 GRI 1970 27/12/2016 C-1 Books